Návrh na zlepšenie výrobných procesov zóny montáže prostredníctvom simulácie pre Stellantis Slovakia

Saved in:
Bibliographic Details
Main Author: Herchlová, Monika (Author)
Other Authors: Važan, Pavel (Thesis advisor)
Format: Manuscript Book
Language:Slovak
Published: 2024
Subjects:
Online Access:http://is.stuba.sk/zp/portal_zp.pl?podrobnosti=177730
Tags: Add Tag
No Tags, Be the first to tag this record!

MARC

LEADER 00000ntm a22000003a 4500
001 stuzp96561
003 SK-STU
005 20240608210805.3
007 ta
008 150427s2015----xo-----f-mn---000-0-slo-d
040 |a STU  |b slo 
041 0 |a slo 
100 1 |a Herchlová, Monika  |u 066000  |4 aut  |U MTF Materiálovotechnologická fakulta  |T MTF Ústav aplikovanej informatiky, automatizácie a mechatroniky  |X 106338  |U M6000  |Y 86  |7 106338 
242 0 1 |a Proposal to improve production processes of the assembly zone with the use simulation for Stellantis Slovakia  |y eng 
245 1 0 |a Návrh na zlepšenie výrobných procesov zóny montáže prostredníctvom simulácie pre Stellantis Slovakia 
260 |c 2024 
650 4 |a sub-montáž  |2 slo 
650 4 |a simulačný model  |2 slo 
650 4 |a experimentovanie  |2 slo 
650 4 |a diskrétna simulácia  |2 slo 
650 4 |a sub-assembly  |2 eng 
650 4 |a simulation model  |2 eng 
650 4 |a experimentation  |2 eng 
650 4 |a discrete-event simulation  |2 eng 
700 1 |a Važan, Pavel  |u 066000  |k Z1  |4 ths  |U MTF Materiálovotechnologická fakulta  |T MTF Ústav aplikovanej informatiky, automatizácie a mechatroniky  |X 323  |U M6000  |Y 86  |7 A000000323 
856 4 |u http://is.stuba.sk/zp/portal_zp.pl?podrobnosti=177730 
996 |c M* DP-15322  |l MMSKP  |s P  |a 0  |w stuzp96561_0001